000 00918nmm a2200289 a 4500
001 ocm000785833
003 TR-IsHL
005 20201028143502.0
008 140412s2013 tu eng
007 cr cn
020 _a9781304523280
035 _a785833
_b(N$T)
050 0 4 _aGR75.G75
_bG7 2013
090 0 4 _aGR75.G75
_bG7 2013
100 1 _aGrimm, J.
245 1 0 _aGrimms' complete fairy tales
_h[electronic resource] /
_cJ. Grimm ; by Edgar Taylor and Marian Edwardes
260 _aİstanbul :
_bE-Kitap Projesi,
_c2013
300 _a200 p.
650 4 _aDil ve Edebiyat
650 4 _aLanguage and Literature
650 0 _aMasallar
650 0 _aTales
650 7 _aFICTION / Fairy Tales, Folk Tales, Legends & Mythology
_2bisacsh
700 1 _aTaylor, Edgar
700 1 _aEdwardes, Marian
856 4 0 _uhttp://search.ebscohost.com/login.aspx?direct=true&scope=site&db=e011xww&AN=785833
999 _c8922
_d8922